Escuela de derecho ambiental (Registro nro. 320702)
[ vista simple ]
| 000 -ENCABEZADO | |
|---|---|
| Número de control [NR] | 01042nam a2200253 4500 |
| 005 - FECHA Y HORA DE LA ÚLTIMA TRANSACCIÓN | |
| control field | 20220302152346.0 |
| 008 - DE LONGITUD FIJA DE DATOS DE ELEMENTOS - INFORMACIÓN GENERAL | |
| Elementos de longitud fija [NR] | 220302s2020 ck |||gr|||| 00| 0 spa d |
| 020 ## - NUMERO INTERNACIONAL NORMALIZADO PARA LIBROS [R] | |
| Número Internacional Normalizado del libro [NR] | 9789587843910 |
| 040 ## - FUENTE DE CATALOGACION [NR] | |
| Agencia de catalogación original [NR] | CO-BoUCM |
| Idioma de catalogación [NR] | spa |
| Quien Cataloga | Deissy Garcia |
| Quien Clasifica | Deissy Garcia |
| 041 ## - CODIGO DE IDIOMA [R] | |
| Código de idioma para texto/pista de sonido o título separado [R] | Español |
| 245 00 - MENCION DE TITULO [NR] | |
| Título [NR] | Escuela de derecho ambiental |
| Parte restante del título [NR] | homenaje a Gloria Amparo Rodríguez |
| Mención de responsabilidad, etc. [NR] | edición académica Iván Vargas-Chaves, Andrés Gómez Rey, Adolfo Ibáñez-Eslam |
| 260 ## - PUBLICACION, DISTRIBUCION, ETC. (PIE DE IMPRENTA) [R] | |
| Lugar de publicación, distribución, etc. [R] | Bogotá |
| Nombre del editor, distribuidor, etc. [R] | Universidad del Rosario |
| Fecha de publicación, distribución, etc. [R] | 2020 |
| 300 ## - DESCRIPCION FISICA [R] | |
| Extensión [R] | xvii, 423 páginas |
| 490 0# - MENCION DE SERIE [R] | |
| Mención de serie [R] | Jurisprudencia |
| 504 ## - NOTA DE BIBLIOGRAFIA, ETC. [R] | |
| Nota de bibliografía, etc. [NR] | Incluye referencias bibliográficas |
| 650 17 - ASIENTO SECUNDARIO DE MATERIA - TERMINO TEMATICO [R] | |
| Término temático o nombre geográfico como elemento de entrada [NR] | Derecho ambiental |
| Subdivisión geográfica [R] | Colombia |
| 9 (RLIN) | 34549 |
| 650 17 - ASIENTO SECUNDARIO DE MATERIA - TERMINO TEMATICO [R] | |
| Término temático o nombre geográfico como elemento de entrada [NR] | Protección del medio ambiente |
| Subdivisión general [R] | Legislación |
| 9 (RLIN) | 22644 |
| 650 17 - ASIENTO SECUNDARIO DE MATERIA - TERMINO TEMATICO [R] | |
| Término temático o nombre geográfico como elemento de entrada [NR] | Política ambiental |
| Subdivisión de forma [R] | Ensayos, conferencias, etc. |
| 9 (RLIN) | 173668 |
| 700 1# - ASIENTO SECUNDARIO - NOMBRE PERSONAL [R] | |
| Nombre personal [NR] | Vargas-Chaves, Iván |
| Término de relación [R] | editor |
| 9 (RLIN) | 71408 |
| 700 1# - ASIENTO SECUNDARIO - NOMBRE PERSONAL [R] | |
| Nombre personal [NR] | Gómez Rey, Andrés |
| Término de relación [R] | editor |
| 9 (RLIN) | 47853 |
| 700 1# - ASIENTO SECUNDARIO - NOMBRE PERSONAL [R] | |
| Nombre personal [NR] | Ibáñez-Eslam, Adolfo |
| Término de relación [R] | editor |
| 9 (RLIN) | 173669 |
| 942 ## - ELEMENTOS DE ENTRADA AGREGADOS (KOHA) | |
| Sistema de clasificación | DEWEY |
| Tipo de ítem principal el descrito en 300a | Edición Rosarista |
| Tema principal | Derecho |
| Edición | 1 |
| Clasificación | 341.762 |
| Parte restante de la signatura top. | E749 |
| Título oculto en OPAC | No |
| Total préstamos | Signatura topográfica | Código de barras | Última vez visto | Ejemplar | Costo de reposición | Price effective from | Tipo de ítem | Perdido | Sistema de clasificación | Dañado | No prestable | Tipo de ítem específico | Suprimido | Ubicación habitual | Ubicación actual | Localización | Fecha de creación | Forma de adquisición | Costo | Fecha de último préstamo |
|---|---|---|---|---|---|---|---|---|---|---|---|---|---|---|---|---|---|---|---|---|
| 341.762 E749 | 100169521 | 03/12/2025 | Ej.1 | 16000.00 | 02/03/2022 | Edición Rosarista | DEWEY | Libro Edición Rosarista | Claustro | Claustro | 4to piso | 02/03/2022 | Compra | 16000.00 | ||||||
| 1 | 341.762 E749 | 100169520 | 04/12/2025 | Ej.2 | 16000.00 | 02/03/2022 | Libro | DEWEY | Libro | Claustro | Claustro | 3er piso | 02/03/2022 | Compra | 16000.00 | 09/02/2024 | ||||
| 1 | 341.762 E749 | 100169522 | 04/12/2025 | Ej.3 | 16000.00 | 02/03/2022 | Libro | DEWEY | Libro | Claustro | Claustro | 3er piso | 02/03/2022 | Compra | 16000.00 | 28/02/2025 | ||||
| 341.762 E749 | 100169523 | 04/12/2025 | Ej.4 | 16000.00 | 02/03/2022 | Libro | DEWEY | Libro | Claustro | Claustro | 3er piso | 02/03/2022 | Compra | 16000.00 |